000 00413nam a2200145Ia 4500
008 230917s9999||||xx |||||||||||||| ||und||
040 _e65371
_aMAIN
041 _aEnglish
082 _a301.04 G68D
100 _aGorman, Robert A
245 4 _aThe dual vision: alfred schutz and the myth of phenomenological social science
260 _aLondon
_bRoutledge & Kegan Paul
_c1977
300 _a234 p.
942 _cBK
999 _c193016
_d193016